000 004340000a22001810004500
003 MACL
005 20150825153113.0
008 150825b xxu||||| |||| 00| 0 eng d
040 _aMACL
_cMACL
041 _aEnglish
082 _a729
100 _aChaudhari, S N
_97380
245 _aInterior Design
260 _bAavishkar Publishers
_c2006
_aJaipur
350 _a550
650 _aDesign & Decorative
_97381
942 _cBK
_k729
_2ddc
999 _c8901
_d8901